One direction : (Record no. 8639)

MARC details
000 -LEADER
fixed length control field 00785nam a22002537a 4500
001 - CONTROL NUMBER
control field 8639
003 - CONTROL NUMBER IDENTIFIER
control field FISKH
005 - DATE AND TIME OF LATEST TRANSACTION
control field 20251007120036.0
008 - FIXED-LENGTH DATA ELEMENTS--GENERAL INFORMATION
fixed length control field 251007b cb ||||| |||| 00| 0 eng d
020 ## - INTERNATIONAL STANDARD BOOK NUMBER
International Standard Book Number 9780857758880
040 ## - CATALOGING SOURCE
Original cataloging agency FISKH
Language of cataloging eng
Transcribing agency FISKH
Modifying agency FISKH
050 ## - LIBRARY OF CONGRESS CALL NUMBER
Classification number PZ7
082 ## - DEWEY DECIMAL CLASSIFICATION NUMBER
Classification number 782.42164092
100 ## - MAIN ENTRY--PERSONAL NAME
Personal name Cohen, Nadia
245 ## - TITLE STATEMENT
Title One direction :
Remainder of title Here we go /
Statement of responsibility, etc. Nadia Cohen ; Foreword : Mango Saul, Editor, Sugarscape.com
250 ## - EDITION STATEMENT
Edition statement This edition published in 2013
260 ## - PUBLICATION, DISTRIBUTION, ETC.
Place of publication, distribution, etc. London :
Name of publisher, distributor, etc. Flame Tree,
Date of publication, distribution, etc. 2012.
300 ## - PHYSICAL DESCRIPTION
Extent 160 pages :
Other physical details color illustrations ;
Dimensions 24 cm
520 ## - SUMMARY, ETC.
Summary, etc. Pop music — biography of a pop group
650 ## - SUBJECT ADDED ENTRY--TOPICAL TERM
Topical term or geographic name entry element One Direction
Form subdivision Entertainment
General subdivision Pop Singers
650 ## - SUBJECT ADDED ENTRY--TOPICAL TERM
Topical term or geographic name entry element Band
Form subdivision Biography
General subdivision Music
942 ## - ADDED ENTRY ELEMENTS (KOHA)
Source of classification or shelving scheme Dewey Decimal Classification
Koha item type Books
Suppress in OPAC No
Holdings
Withdrawn status Lost status Source of classification or shelving scheme Damaged status Not for loan Collection Home library Current library Shelving location Date acquired Total Checkouts Full call number Barcode Date last seen Copy number Price effective from Koha item type
    Dewey Decimal Classification     Reference Footprints International School Library Network Toul Kork Campus Footprints International School Library Network Toul Kork Campus Librarian's Shelf TK 10/07/2025   COH 782.42164092 PZ7 2025-4492 10/07/2025 1 10/07/2025 Books